| 000 | 00654ntaaa2200217 4500 | ||
|---|---|---|---|
| 003 | 01 | ||
| 005 | 20251027203200.0 | ||
| 008 | 0714s1973 ag 01 | ||
| 040 |
_aAR-BaBN _bspa _cAR-BaBN _eaacr _dRIC |
||
| 082 | _a920 P41g | ||
| 100 |
_aPerez Perez, Lisardo Manuel _933470 |
||
| 245 |
_aEl guerrero de paz : _bPor América con la Biblia / _cLisardo Manuel Perez Perez |
||
| 250 | _a1ª ed. | ||
| 260 |
_aBuenos Aires, _c1969 |
||
| 300 |
_a260 p. ; _cIlust, 22.5 cm |
||
| 500 | _aContiene ilustraciones | ||
| 650 |
_aBIBLIA-COLPORTORES _933471 |
||
| 650 |
_aPEREZ. LISARDO-BIOGRAFIA _933472 |
||
| 650 |
_aPEREZ, MANUEL-BIOGRAFIA _933473 |
||
| 942 | _cBK | ||
| 999 |
_c27293 _d27293 |
||